000 00603cam a2200241 4500
001 B1442
008 090401t1984 xxu||||| |||| 00| 0 eng d
035 _a(Sirsi) u44429
041 _aeng
050 _a333.3309425
110 _aWilliam H. Brown
245 _aHalf yearly review 1984
260 _aSleaford,Lincs
_bWilliam H. Brown
_c1984
300 _a(10)p. ; 30cm.
350 _a0
650 _aPROPERTY-COMMERCIAL PROPERTY
650 _aEAST MIDLANDS
650 _aFARM LAND
650 _aPROPERTY MARKET
650 _aRESIDENTIAL PROPERTY
_96266
942 _n0
948 _c04/03/1997
999 _c91524
_d91524